LEADER 00724nam a2200193 i 4500 001 000000215763 003 CaOOAMICUS 005 20120910000000.0 008 120910s1981 it u000 u ita u 013 $a194638 040 $aSeMil$bita 245 13$aLa diocesi di Crema e la sua cattedrale. 260 $a[S.l. :$bs.n.],$c[1981] 300 $a47 p. :$bill. ;$c22 cm. 650 4$aCrema - Chiese - Santa Maria Assunta (Duomo).$0(OLS)http://semarc/subject/6349 850 $aSeMil 852 $aSeMil$W1$xVenegono$y1$m3P II 162$j166183$B166183$CSeMilBibl$Z2$F177126 $81 996 $6245$aLa diocesi di Crema e la sua cattedrale$9(OLS)http://semarc/title/310483 996 $6260$a[S.l. :$bs.n.]$9(OLS)http://semarc/publisher/29751 LEADER 01021nam a2200229 i 4500 001 000000142606 003 CaOOAMICUS 005 20050908000000.0 008 050908s1920 it u000 u ita u 013 $a117962 040 $aSeMil$bita 100 1 $aSertillanges, Antonin-Dalmace,$c.$0(OLS)http://semarc/name/772 245 10$aFemminismo e cristianesimo /$cA. D. Sertillanges ; traduzione italiana della terza edizione francese del sac. Giulio Albera. 260 $aTorino :$bSEI,$c1920. 300 $a278 p. ;$c20 cm. 650 4$aFemminismo - Aspetti religiosi - Cristianesimo.$0(OLS)http://semarc/subject/20052 700 1 $aAlbera, Giulio,$c.$0(OLS)http://semarc/name/5190 850 $aSeMil 852 $aSeMil$W1$xVenegono$y1$m54 150 *$j95773$B95773$CSeMilBibl$Z2$F102605 $81 961 $aRecupero: Biblioteca Seminario Seveso (fino al 1985) 996 $6245$aFemminismo e cristianesimo$9(OLS)http://semarc/title/208631 996 $6260$aTorino :$bSEI$9(OLS)http://semarc/publisher/29848